Sports Quiz

Random Sports or NFL Quiz

NFL players who went to Harvard Quiz Stats

Quiz not verified by Sporcle

Challenge
Share
Tweet
Embed
Score 0/29 Timer 10:00
0 Plays Today
% Correct
Ryan Fitzpatrick
97.1%
Matt Birk
50%
Desmond Bryant
23.5%
Kyle Juszczyk
23.5%
Herman Gundlach
22.2%
Arnie Horween
20.6%
Ralph Horween
20.6%
Rich Szaro
20.6%
Pat Mcinally
17.6%
Clifton Dawson
14.7%
John Dockery
11.8%
Dan Jiggets
11.8%
Bobby Leo
11.8%
Bill Craven
8.8%
Chris Eitzmann
8.8%
% Correct
Carl Etelman
8.8%
Isaiah Kacyvenski
8.8%
Joe Azelby
5.9%
Stan Burnham
5.9%
Roger Caron
5.9%
Charlie Clark
5.9%
Harrie Dadmun
5.9%
Earl Evans
5.9%
Erwin Gehrke
5.9%
Dick King
5.9%
Joe Mcglone
5.9%
Al Miller
5.9%
Joe Murphy
5.9%
Joe Pelligrini
5.9%

You're not logged in!

Compare scores with friends on all Sporcle quizzes.
Sign Up with Email
OR
Log In

You Might Also Like...

Show Comments

Extras

Top Quizzes Today


Score Distribution

Your Account Isn't Verified!

In order to create a playlist on Sporcle, you need to verify the email address you used during registration. Go to your Sporcle Settings to finish the process.